000 00866nam a2200277Ia 4500
003 OSt
005 20221005093557.0
006 a|||||r|||| 00| 0
007 ta
008 221004b |||||||| |||| 00| 0 eng d
020 _a9789351775386 (hbk)
_cIndian Rupees 699
024 _a39872
037 _bGift, 25/09/2018,
_cTextual
040 _aCRL
_cCRL
_beng
041 _2eng
_aeng
082 _az, Q6
100 _aMalhotra Rajiv Au.
_940627
245 0 _aBattle for sanskrit
_b is sanskrit political or sacred, oppressive or liberating, dead or alive
260 _aNoida
_bHarper Collins Publishers India
_c2016
300 _axviii,468p.
_ccm.
650 _a POLITICAL SCIENCE
650 _a SANSKRIT LANGUAGE
_91031
650 _aGENERALIA
942 _hz, Q6
_cTEXL
_2cc
999 _c1000630
_d1000630